[Event "Gelendzhik Rapid op"]
[Site "Gelendzhik"]
[Date "2023.05.27"]
[Round "1"]
[White "Nikishin, Gleb"]
[Black "Vastrukhin, Oleg"]
[Result "0-1"]
[WhiteElo "1488"]
[BlackElo "2343"]
[PlyCount "58"]
[EventDate "2023.05.27"]
[EventType "swiss (rapid)"]
[EventRounds "11"]
[EventCountry "RUS"]
[SourceTitle "CBM 214 Extra"]
[Source "ChessBase"]
[SourceDate "2023.07.31"]
[SourceVersion "1"]
[SourceVersionDate "2023.07.31"]
[SourceQuality "1"]

1. d4 g6 2. Nc3 Bg7 3. Nf3 d6 4. e4 a6 5. Be3 b5 6. Qd2 Bb7 7. a3 Nd7 8. Be2 Ngf6 9. e5 Ng4 10. exd6 Nxe3 11. Qxe3 cxd6 12. 0-0 0-0 13. Nd2 Nb6 14. Nb3 Rc8 15. Qd2 e6 16. Nd1 Qh4 17. c3 e5 18. Ne3 f5 19. g3 Qe7 20. f4 Rfe8 21. Bf3 Nc4 22. Nxc4 bxc4 23. Bxb7 Qxb7 24. Nc1 exd4 25. cxd4 Re4 26. Ne2 Rce8 27. Rf2 Rxe2 28. Rxe2 Rxe2 29. Qxe2 Bxd4+ 0-1